Statistics for Brentford most expensive signings

Click here to take the quiz!

General Stats

  • This quiz has been taken 14 times
  • The average score is 7 of 10

Answer Stats

Signed fromSeasonFee (€)Player% Correct
Wolverhampton Wanderers23/2426.85 millionNathan Collins
100%
Lorient21/2210 millionYoane Wissa
100%
Hull City22/2319 millionKeane Lewis-Potter
83%
SC Freiburg23/2425 millionKevin Schade
83%
Bologna22/2314.25 millionAaron Hickey
75%
Sampdoria22/2315 millionMikkel Damsgaard
75%
SC Freiburg23/2413 millionMark Flekken
67%
Celtic21/2215.7 millionKristoffer Ajer
58%
Exeter City17/187.22 millionOllie Watkins
58%
Midtjylland21/2210 millionFrank Onyeka
42%

Score Distribution

Percentile by Number Answered

Percent of People with Each Score

Your Score History

You have not taken this quiz